00788nam a22002417a 450000500170000001000110001702000100002803500110003803700160004904000120006508200110007710000280008824500760011626000310019227000300022330000210025365000230027465000170029770000250031494200200033999900190035995201680037820170124110127.0 a753993 c00.00 a753993 aCen Lib/Ret aDPLbEN aNbCEN aCendrars, Blaise931628 aTo the end of the world /cby Baise Cendrars; translated by Alan Brown  aLondon bPeter owen c1966 bLondon a12 Kendrick Mews a251p. c19cm(Hb) a literature 96262 aNovel922513 aBrown, Alan 9102168 2ddccENhNmCEN c131380d131380 04104070aLbLd2015-07-14eCen Lib/Retg0.00l1oN CENp753993r2018-11-03 00:00:00s2018-10-24t1v0.00w2015-07-14yENzW/d List No. 6859/10 ; dtd 04/08/2020